Pobreza: el desafío de re-construir la noticia
সংরক্ষণ করুন:
| সংস্থা লেখক: | , |
|---|---|
| বিন্যাস: | গ্রন্থ |
| ভাষা: | স্প্যানিশ |
| প্রকাশিত: |
Viña del Mar
Universidad de Viña del Mar
2007
|
| মালা: | Comunicacion y Pobreza
|
| বিষয়গুলি: | |
| ট্যাগগুলো: |
ট্যাগ যুক্ত করুন
কোনো ট্যাগ নেই, প্রথমজন হিসাবে ট্যাগ করুন!
|
MARC
| LEADER | 00000nam a2200000 a 4500 | ||
|---|---|---|---|
| 001 | UCI3791 | ||
| 003 | CL-VaPUC | ||
| 008 | 071130e20070000CL |||||||||||||||||spa|d | ||
| 020 | |a 9789567635160 | ||
| 082 | 0 | 4 | |a 070.44 |b UNI |2 21 |
| 110 | 2 | |a Universidad de Viña del Mar |e author |9 525323 | |
| 710 | 2 | |a Fundación para la Superación de la Pobreza |e author |9 525324 | |
| 245 | 1 | 0 | |a Pobreza: el desafío de re-construir la noticia |
| 300 | |a 85 p | ||
| 942 | |c BK | ||
| 945 | |d 20071130 00:00:00 |a rbrito | ||
| 260 | |a Viña del Mar |b Universidad de Viña del Mar |c 2007 | ||
| 600 | 0 | 7 | |a ELMERCURIO |2 CL-VaPUC |9 525325 |
| 600 | 0 | 7 | |a LA ESTRELLA |2 CL-VaPUC |9 525326 |
| 600 | 0 | 7 | |a EL OBSERVADOR DE VIÑA DEL MAR |2 CL-VaPUC |9 525327 |
| 650 | 7 | |a NOTICIA PERIODISTICA |2 CL-VaPUC |9 406378 | |
| 650 | 0 | |a Pobreza |9 258652 | |
| 650 | 0 | |a Medios de comunicación de masas |9 257273 | |
| 650 | 0 | |a Periódicos |9 335528 | |
| 583 | |a last modification |c 20071130 00:00:00 |k Rodrigo Vera | ||
| 490 | 0 | |a Comunicacion y Pobreza | |
| 999 | |c 327880 |d 327878 | ||
| 952 | |0 0 |1 0 |4 0 |6 070_440000000000000_UNI_2007 |7 0 |8 A |9 411387 |a BIBCUR |b BIBCUR |d 2019-11-22 |i 4393457 |o 070.44 UNI 2007 |p 4393457 |r 2025-04-22 |w 2019-11-22 |y BK |k PER | ||
| 952 | |0 0 |1 0 |4 0 |6 070_440000000000000_UNI_2007 |7 0 |8 A |9 411388 |a BIBCUR |b BIBCUR |d 2019-11-22 |i 451260K |o 070.44 UNI 2007 |p 451260K |r 2025-04-22 |w 2019-11-22 |y BK |k PER | ||